000 00544nam a2200193Ia 4500
005 20250508162329.0
008 008 250505s9999 xx 000 0 eng d
037 _aTextual
040 _aFEDL
_beng
_cFEDL
041 _aeng
_2eng
084 _a181.4, GAR
_qFEDL
100 _aGarbe Richard
245 0 _aPhilosophy of ancient India
260 _aVaranasi, India
_bAshutosh Prakashansansthan
_c1980
300 _avi,88p.
650 _aOriental Philosophy
_9755543
942 _cTEXL
_h181.4, GAR
999 _c1375884
_d1375884